000 00848nmc a2200325 a 4500
003 AR-BaBNM
005 20251128203721.0
008 046119s1974 ||||||||||||||000 | spa||
040 _cAR-BaBNM
100 1 _aWidmer, Kingsley
245 1 0 _aHenry Miller
260 _aBuenos Aires
_bPleamar
_c1974
300 0 _a273 p.
490 0 _aProtagonistas literarios
500 0 _aContiene referencias bibliográficas en p. 269
650 4 _aCRITICA LITERARIA
650 4 _aLITERATURA ESTADOUNIDENSE
650 4 _aVIDA LITERARIA
650 4 _aLITERATURA EXTRANJERA
650 4 _aESCRITORES
650 4 _aBIOGRAFIAS
650 4 _aNOVELAS
653 0 _aVANGUARDIAS LITERARIAS
653 0 _aESTUDIOS LITERARIOS
653 _aNARRATIVA
655 _aLITERATURA
700 1 _aMirlas, León
_etraductor
942 _cBK
998 _cMARTIN
999 _c4616
_d4616